[Event "Challenge"]
[Site "http://www.queenalice.com/game.php?id=132191"]
[Date "2006.11.22"]
[Round "-"]
[White "Tonto"]
[Black "Servant_Saber"]
[Result "0-1"]
[WhiteElo "1703"]
[BlackElo "1559"]

1. e4 c5 2. Nf3 e6 3. Nc3 Nc6 4. d4 cxd4 5. Nxd4 a6 6. Nxc6 bxc6 7. a3 d5 8. Be2
Bd6 9. Be3 Nf6 10. Bf3 O-O 11. Na4 dxe4 12. Nb6 exf3 13. Nxa8 fxg2 14. Rg1 Bb7
15. Nb6 c5 16. Nc4 Bxh2 17. f3 Bxg1 18. Bxg1 Nd5 19. Qd2 Qh4+ 20. Qf2 Qxc4 21.
Qxg2 Nf4 22. Qd2 Bxf3 23. Be3 Ng2+ 24. Kf2 Bc6 25. Rg1 Qh4+ 26. Ke2 Qg4+ 27. Kf2
Qf3# 0-1

[Event "Let's Play Chess!"]
[Site "http://www.queenalice.com/game.php?id=134703"]
[Date "2006.11.29"]
[Round "-"]
[White "Servant_Saber"]
[Black "Re"]
[Result "1-0"]
[WhiteElo "1681"]
[BlackElo "933"]

1. e4 e6 2. Qe2 c6 3. Nf3 Nf6 4. e5 Nh5 5. d4 Bb4+ 6. c3 Be7 7. g4 Nf4 8. Bxf4
g5 9. Be3 b6 10. Bg2 c5 11. dxc5 bxc5 12. Nxg5 h6 13. Nxf7 Kxf7 14. Bxa8 Ba6 15.
Qf3+ Kg7 16. Na3 c4 17. Be4 d5 18. exd6 Qxd6 19. Rd1 Qc7 20. Rd5 exd5 21. Bd4+
Kg8 22. Bxd5+ Kh7 23. Qf5# 1-0

[Event "Challenge"]
[Site "http://www.queenalice.com/game.php?id=134733"]
[Date "2006.11.29"]
[Round "-"]
[White "Servant_Saber"]
[Black "CampbellMarcel"]
[Result "1-0"]
[WhiteElo "1582"]
[BlackElo "1645"]

1. e4 e6 2. d4 b6 3. Bd3 g6 4. Nf3 Bg7 5. O-O Bb7 6. Bg5 f6 7. Bf4 d6 8. Nc3 g5
9. Be3 Ba6 10. Bxa6 Nxa6 11. Nd2 h5 12. d5 e5 13. a4 h4 14. h3 Ne7 15. Qe2 Nc5
16. a5 f5 17. Bxg5 f4 18. b4 Nb7 19. a6 Qb8 20. Qb5+ Kf7 21. Qd7 Re8 22. Nb5 Bf6
23. Qe6+ Kg6 24. Qxf6+ Kh7 25. Qf7+ 1-0

[Event "Challenge"]
[Site "http://www.queenalice.com/game.php?id=135034"]
[Date "2006.11.30"]
[Round "-"]
[White "PawnHanger2k7"]
[Black "Servant_Saber"]
[Result "0-1"]
[WhiteElo "1263"]
[BlackElo "1500"]

1. c4 e5 2. Nc3 Nf6 3. d3 Bc5 4. Nf3 Nc6 5. g3 O-O 6. Nd2 d5 7. Bg2 d4 8. Nce4
Nxe4 9. Nxe4 Bb4+ 10. Bd2 Be7 11. Bc1 f5 12. Nd2 f4 13. b3 Bg4 14. f3 Bf5 15.
Bb2 Qd6 16. O-O fxg3 17. hxg3 Bg5 0-1

[Event "Let's enjoy the game!"]
[Site "http://www.queenalice.com/game.php?id=136669"]
[Date "2006.12.3"]
[Round "-"]
[White "whitekings"]
[Black "Servant_Saber"]
[Result "0-1"]
[WhiteElo "1699"]
[BlackElo "1588"]

1. e4 c6 2. d4 d5 3. e5 Bf5 4. Nf3 e6 5. Be3 Nd7 6. Qd2 c5 7. c3 Rc8 8. Bb5 cxd4
9. cxd4 Rc2 10. Qd1 Qa5+ 11. Nc3 Rxb2 12. Bxd7+ Kxd7 13. Rc1 Bb4 14. Bd2 Ne7 15.
O-O Rc8 16. Nb1 Rxc1 17. Qxc1 Rxb1 18. Qxb1 Bxb1 19. Rxb1 Bxd2 20. Rxb7+ Kd8 21.
Nxd2 Qxd2 22. Rb1 Qxa2 23. Rf1 a5 24. h3 a4 25. Rd1 a3 26. Rf1 Qb2 27. Rd1 a2
28. Kf1 Nc6 29. Ke1 Nxd4 30. Rd2 a1=Q+ 31. Rd1 Qe2# 0-1

[Event "Let's Play Chess!"]
[Site "http://www.queenalice.com/game.php?id=137452"]
[Date "2006.12.5"]
[Round "-"]
[White "Servant_Saber"]
[Black "Morti"]
[Result "0-1"]
[WhiteElo "1579"]
[BlackElo "1840"]

1. e4 c5 2. Nf3 d6 3. d4 cxd4 4. Nxd4 Nf6 5. Nc3 a6 6. Bg5 e6 7. f4 e5 8. Nf5
Be6 9. fxe5 dxe5 10. Qxd8+ Kxd8 11. Rd1+ Ke8 12. Bxf6 gxf6 13. Nd5 Bxd5 0-1

[Event "Got my BLACK stetson on ]:)>"]
[Site "http://www.queenalice.com/game.php?id=138673"]
[Date "2006.12.8"]
[Round "-"]
[White "Servant_Saber"]
[Black "CowboyNoel"]
[Result "1-0"]
[WhiteElo "1639"]
[BlackElo "1481"]

1. e4 e5 2. Nf3 Nc6 3. Bb5 Nf6 4. O-O Nxe4 5. d4 a6 6. Bxc6 dxc6 7. Re1 Bf5 8.
g4 Bg6 9. Nxe5 Qh4 10. Qf3 f6 11. Nxg6 Qxf2+ 12. Qxf2 1-0

[Event "Challenge"]
[Site "http://www.queenalice.com/game.php?id=166652"]
[Date "2007.2.10"]
[Round "-"]
[White "Servant_Saber"]
[Black "toutey"]
[Result "1-0"]
[WhiteElo "1661"]
[BlackElo "1440"]

1. e4 e5 2. Nf3 Nc6 3. d4 exd4 4. Nxd4 Nf6 5. Nxc6 bxc6 6. e5 Qe7 7. Qe2 Nd5 8.
c4 Ba6 9. b3 g6 10. Bb2 Bg7 11. Nd2 O-O 12. O-O-O Rae8 13. Qf3 Nb6 14. Ne4 Bxe5
15. Bxe5 Qxe5 16. Nf6+ Kh8 17. Nxe8 Rxe8 18. Kc2 Kg8 19. h4 Bb7 20. h5 Re6 21.
hxg6 Rxg6 22. Bd3 Qg7 23. Rde1 Kf8 24. Bxg6 Qxg6+ 25. Kb2 Nxc4+ 26. bxc4 1-0

[Event "Challenge"]
[Site "http://www.queenalice.com/game.php?id=168164"]
[Date "2007.2.13"]
[Round "-"]
[White "Servant_Saber"]
[Black "glmelo"]
[Result "0-1"]
[WhiteElo "1709"]
[BlackElo "2039"]

1. e4 c5 2. Nf3 Nc6 3. Bb5 e6 4. O-O Nge7 5. Re1 a6 6. Bxc6 Nxc6 7. d4 cxd4 8.
Nxd4 Be7 9. Nxc6 dxc6 10. Qxd8+ Bxd8 11. Bf4 f6 12. e5 Kf7 13. Nc3 Ba5 14. Rad1
b5 15. Be3 Bc7 16. exf6 gxf6 17. Ne4 e5 18. Nd6+ Ke6 19. Ne4 Kf7 20. b3 Be6 21.
Nd6+ Kg6 22. f4 Rad8 23. fxe5 fxe5 24. Bc5 Bd5 25. Rxe5 Bxd6 26. Bxd6 Rxd6 27.
c4 bxc4 28. bxc4 Kf6 29. Rh5 Rhd8 0-1

[Event "AUTO-INT-349"]
[Site "http://www.queenalice.com/game.php?id=170009"]
[Date "2007.2.17"]
[Round "1"]
[White "jocker_1"]
[Black "Servant_Saber"]
[Result "0-1"]
[WhiteElo "1528"]
[BlackElo "1695"]

1. d4 b6 2. c4 e6 3. Nf3 Bb7 4. e3 Bb4+ 5. Nc3 c5 6. Bd3 Nf6 7. O-O O-O 8. dxc5
Bxc3 9. bxc3 bxc5 10. Ng5 h6 11. Nf3 Qc7 12. Ba3 d6 13. Bc2 Nbd7 14. Nh4 Ne5 15.
f4 Nxc4 16. Bc1 Qa5 17. Qd3 Ba6 18. Ng6 fxg6 19. Bd2 Nxd2 20. Qxd2 Bxf1 21. Kxf1
g5 22. Bb3 gxf4 23. Bxe6+ Kh8 24. exf4 Ne4 25. Qd5 Rxf4+ 26. Kg1 Re8 27. Bf7
Qxc3 28. Rd1 Qe3+ 29. Kh1 Nf2+ 30. Kg1 Nxd1+ 0-1

[Event "AUTO-INT-349"]
[Site "http://www.queenalice.com/game.php?id=170010"]
[Date "2007.2.17"]
[Round "1"]
[White "Servant_Saber"]
[Black "jocker_1"]
[Result "1-0"]
[WhiteElo "1681"]
[BlackElo "1511"]

1. e4 e5 2. Nf3 Nc6 3. Bb5 Bd6 4. O-O Nf6 5. d3 O-O 6. Nc3 Bc5 7. Bxc6 dxc6 8.
Nxe5 Bg4 9. Nxg4 Nxg4 10. Qxg4 Bd4 11. Rb1 c5 12. Bg5 Bf6 13. Bf4 a6 14. e5 Bh4
15. Bh6 g5 16. Bxf8 Qxf8 17. g3 Qe7 18. gxh4 Qxe5 19. hxg5 Kg7 20. Rbe1 Qd6 21.
Ne4 Qg6 22. Qf4 h6 23. Qe5+ f6 24. Qe7+ Kh8 25. Nxf6 Qxg5+ 26. Kh1 b6 27. Qh7#
1-0

[Event "AUTO-INT-349"]
[Site "http://www.queenalice.com/game.php?id=170027"]
[Date "2007.2.17"]
[Round "1"]
[White "Servant_Saber"]
[Black "BrunoSousa"]
[Result "1-0"]
[WhiteElo "1677"]
[BlackElo "1335"]

1. e4 e5 2. Nf3 Nc6 3. Bb5 Nf6 4. O-O Nxe4 5. d4 exd4 6. Re1 f5 7. Nxd4 Bb4 8.
c3 Nxd4 9. Qxd4 c5 10. Qxg7 Qf6 11. Qxf6 1-0

[Event "AUTO-INT-349"]
[Site "http://www.queenalice.com/game.php?id=170028"]
[Date "2007.2.17"]
[Round "1"]
[White "BrunoSousa"]
[Black "Servant_Saber"]
[Result "0-1"]
[WhiteElo "1363"]
[BlackElo "1705"]

1. e4 e5 2. Nf3 Nf6 3. Nc3 Nc6 4. Bb5 Bb4 5. O-O O-O 6. Bxc6 dxc6 7. Nxe5 Re8 8.
Nd3 Bxc3 9. bxc3 Rxe4 10. f3 Re8 11. Re1 Bf5 12. Rxe8+ Qxe8 13. Qe1 Bxd3 14.
Qxe8+ Rxe8 15. cxd3 Nh5 16. Kf2 Nf4 17. d4 Re2+ 18. Kg3 g5 19. Kg4 Rxg2+ 20. Kf5
Ng6 21. d3 h6 22. h3 Ne7+ 23. Kf6 Re2 24. f4 Re6# 0-1

[Event "AUTO-INT-349"]
[Site "http://www.queenalice.com/game.php?id=170029"]
[Date "2007.2.17"]
[Round "1"]
[White "Servant_Saber"]
[Black "Bernobr"]
[Result "0-1"]
[WhiteElo "1708"]
[BlackElo "1792"]

1. e4 c5 2. Nf3 d6 3. d4 cxd4 4. Nxd4 Nf6 5. Nc3 g6 6. Be3 Bg7 7. f3 O-O 8. Qd2
Nc6 9. O-O-O d5 10. exd5 Nxd5 0-1